MDQL
is popping MORE tags! Check the
thread
!
Quizzes
Events
Quiz Creation
Community
Videos
Private Events
Remove Ads
Sign In
Join for FREE
Feedback
Dark Mode
Quiz Categories
Sports
Geography
Music
Movies
Television
Just For Fun
Miscellaneous
History
Literature
Language
Science
Gaming
Entertainment
Religion
Holiday
For Kids
Quiz Lab
Recent
Popular Today
Quiz Kudos Today
Editor Picks
Curator Picks
Quizzes by...
Day
Popularity
Type
Ratings
Length
Year
Community
Subscriptions
Recent Discussions
Orange Saloon
Badges
Playlists
Quests
Create
Leaderboards
Showdown
Live 5
Trivia Bingo
Activity
Puzzle Library
Sporcle Events
Private Events
Virtual Trivia
Globe League
Become a Host
Pub Owners
SporcleCon
Opinionation
Our Games
Videos
Blog
Mobile Apps
Partnerships
Remove Ads and Go Orange
Feedback
Sports
Athletes
MLB
NBA
NHL
NFL
Soccer
Sports Teams
WWE
NCAA
Football
Premier League
Basketball
Baseball
Hockey
Golf
Tennis
Cricket
Rugby
Auto Racing
Olympics
World Cup
Sports
Athletes
MLB
NBA
NHL
NFL
Soccer
Sports Teams
WWE
NCAA
Football
Premier League
Basketball
Baseball
Hockey
Golf
Tennis
Cricket
Rugby
Auto Racing
Olympics
World Cup
Random Quiz
Search Sporcle
×
Quiz Lab
Quiz Lab
Sports
Hockey
Type in answers that appear in a list
Type in answers that appear in a list
Classic
Best Score? Go Orange.
IIHF Ice hockey world champions Stats
Can you name the IIHF Ie hockey world champions?
By
Ryan_T93
3m
75 Questions
976 Plays
976 Plays
976 Plays
Comments
Comments
Give Quiz Kudos
Give Quiz Kudos
-
- Ratings
hide this ad
Replay
Link that replays current quiz
Next Quiz
Link to next quiz in quiz playlist
You Got
0%
They Got
Avg Score
96%
Avg Friend Score
Upgrade to see
Score Distribution
Jump to the score distribution portion of the page
Score
0/75
Timer
03:00
0
Plays Today
Year (venue)
World Champions
% Correct
1920 (Antwerp (Olympics))
Canada
99.7%
1924 (Chamonix (Olympics))
Canada
99.7%
1928 (St. Moritz (Olympics))
Canada
99.7%
1930 (Chamonix, Berlin, Vienna)
Canada
99.7%
1931 (Krynica)
Canada
99.7%
1932 (Lake Placid (Olympics))
Canada
99.7%
1934 (Milan)
Canada
99.7%
1935 (Davos)
Canada
99.7%
1937 (London)
Canada
99.7%
1938 (Prague)
Canada
99.7%
1939 (Basle, Zurich)
Canada
99.7%
1948 (St. Moritz (Olympics))
Canada
99.7%
1950 (London)
Canada
99.7%
1951 (Paris)
Canada
99.7%
1952 (Oslo (Olympics))
Canada
99.7%
1955 (Krefeld, Dortmund, Cologne)
Canada
99.7%
1958 (Oslo)
Canada
99.7%
1959 (Prague, Bratislava)
Canada
99.7%
1961 (Geneva, Lausanne)
Canada
99.7%
1994 (Bolzano, Canazei, Milan)
Canada
99.7%
1997 (Helsinki, Turku, Tampere)
Canada
99.7%
2003 (Helsinki, Turku, Tampere)
Canada
99.7%
2004 (Prague, Ostrava)
Canada
99.7%
2007 (Moscow, Mytishi)
Canada
99.7%
1953 (Zurich, Basle)
Sweden
99.6%
1957 (Moscow)
Sweden
99.6%
1962 (Colorado Springs, Denver)
Sweden
99.6%
1987 (Vienna)
Sweden
99.6%
1991 (Turku, Helsinki, Tampere)
Sweden
99.6%
1992 (Prague, Bratislava)
Sweden
99.6%
1995 (Stockholm, Gavle)
Finland
99.6%
1998 (Zurich, Basle)
Sweden
99.6%
2006 (Riga)
Sweden
99.6%
2011 (Bratislava, Kosice)
Finland
99.6%
1933 (Prague)
USA
98.2%
1960 (Squaw Valley (Olympics))
USA
98.2%
1993 (Dortmund, Munich)
Russia
97.9%
2008 (Quebec City, Halifax)
Russia
97.9%
Year (venue)
World Champions
% Correct
2009 (Berne, Zurich-
Kloten)
Russia
97.9%
1954 (Stockholm)
Soviet Union
96.4%
1956 (Cortina (Olympics))
Soviet Union
96.4%
1963 (Stockholm)
Soviet Union
96.4%
1964 (Innsbruck (Olympics))
Soviet Union
96.4%
1965 (Tampere)
Soviet Union
96.4%
1966 (Ljubljana)
Soviet Union
96.4%
1967 (Vienna)
Soviet Union
96.4%
1968 (Grenoble (Olympics))
Soviet Union
96.4%
1969 (Stockholm)
Soviet Union
96.4%
1970 (Stockholm)
Soviet Union
96.4%
1971 (Berne, Geneva)
Soviet Union
96.4%
1973 (Moscow)
Soviet Union
96.4%
1974 (Helsinki)
Soviet Union
96.4%
1975 (Munich, Dusseldorf)
Soviet Union
96.4%
1978 (Prague)
Soviet Union
96.4%
1979 (Moscow)
Soviet Union
96.4%
1981 (Gothenburg, Stockholm)
Soviet Union
96.4%
1982 (Helsinki, Tampere)
Soviet Union
96.4%
1983 (Dusseldorf, Dortmund, Munich)
Soviet Union
96.4%
1989 ( Stockholm, Sodertalje)
Soviet Union
96.4%
1990 (Berne, Fribourg)
Soviet Union
96.4%
1986 (Moscow)
Soviet Union
96.4%
1996 (Vienna)
Czech Republic
95.3%
1999 (Oslo, Lillehammer, Hamar)
Czech Republic
95.3%
2000 (St. Petersburg)
Czech Republic
95.3%
2001 (Cologne, Hanover, Nuremberg)
Czech Republic
95.3%
2005 (Vienna, Innsbruck)
Czech Republic
95.3%
2010 (Cologne, Mannheim, Gelsenkirchen)
Czech Republic
95.3%
2002 (Gothenburg, Karlstad, Jonkoping)
Slovakia
93.8%
1947 (Prague)
Czechoslovakia
87.3%
1949 (Stockholm)
Czechoslovakia
87.3%
1972 (Prague)
Czechoslovakia
87.3%
1976 (Katowice)
Czechoslovakia
87.3%
1977 (Vienna)
Czechoslovakia
87.3%
1985 (Prague)
Czechoslovakia
87.3%
1936 (Garmisch-
Partenkirchen (Olympics))
Great Britain
83.8%
Quiz Playlist
Details
Report
Send in Message
Add To Playlist
Classic:
Type in answers that appear in a list
Last Updated: Feb 16, 2017
Quiz Scoreboard
CHALLENGE
Sign Up to Join the Scoreboard
Show All
Scores
Hide
Comments
May contain spoilers
Recently Published
Image Sorting: Flags VI
by Barbecue
Geography
2m
Find the 'City' Movie
by crazypaving
Movies
60s
Colored Red Africa Blitz
by spor1
Geography
45s
More to Explore
Quiz From the Vault
Featured Blog Post
14 Easter Pick-up Lines to Find Eggs With
hide this ad
You Might Also Like...
Tags
Hockey Quiz
World Quiz
Championship
Ice Hockey
Winner
World Championships
Today's Top Quizzes in Sports
Browse Sports
hide this ad
Today's Top Quizzes in Hockey
Browse Hockey
Top Contributed Quizzes in Sports
1
Les meilleurs buteurs des matchs entre le PSG et l’OM
2
Les entraîneurs de l'OM et du PSG au 21e siècle
3
Les joueurs passés par le PSG et l'OM
4
2022 World Cup Stars
5
Players with Multiple 50 Home Run Seasons
6
Criteria MLB: Left Handed Sluggers
7
Les joueurs passés par le LOSC et le RC Lens
8
NBA Logic Puzzle 2.0
9
MLB Players with Two .350 Batting Average Seasons
10
FIFA Club World Cup Champions
Explore More
Trending Topics
Disney
Harry Potter
Crossword
NBA
Marvel
Kpop
Anime
Soccer
Puzzle
Country
The Office
WWE
Pokémon
NFL
Song
hide this ad
More By:
Ryan_T93
Quiz
Plays
Rating
Category
Featured
Created
Silmarillion & LOTR Trivia (tricky)
1,025
5.00
Literature
Nov 28, 2011
IIHF Ice hockey world champions
976
4.40
Sports
Dec 1, 2011
IIHF World Rankings
520
4.50
Sports
Nov 27, 2011
Rivers of Middle-earth and beleriand
327
5.00
Literature
May 19, 2013
UK Ice Hockey teams
254
5.00
Sports
Nov 27, 2011
Go to Creator's Profile
Score Distribution
Quiz Creator Spotlight
Ryan_T93
Follow
Send a Message
Quizzes Created
-
Created Quiz Play Count
-
More By This Creator
Popular Quizzes Today
1
Colored Red Africa Blitz
2
Find the US States - No Outlines Minefield
3
Find the 'City' Movie
4
5x2 Blitz: Bands
5
The Countries of the World
6
Find the US States
7
Find the Countries of Europe - No Outlines Minefield
8
US States
More Sports Quizzes
Double Letter Sports Teams
Published
Trending Quizzes
Colored Red Europe Blitz I
Colored Red Europe Blitz II
Colored Red Africa Blitz II
Colored Red Europe Blitz III
Colored Red Africa Blitz III
Recently Updated
How Do You Spell That?
pecheneg
Godzilla Movies
pecheneg
Grab Bag: 4-10 Letters
pecheneg
2024 March Madness Bracket
pecheneg
Famous TV Couples
Peacemaker
Champions League XIs: Real Madrid
pecheneg
Largest US Cities 1790-2010
pecheneg
Rides in Walt Disney World
pecheneg
Most Oscar Losses (Acting)
pecheneg
Beyoncé Albums
pecheneg
Trending Topics
Crossword
Marvel
NBA
Disney
Anime
Kpop
Harry Potter
The Office
Soccer
Pokémon
WWE
Puzzle
Song
NFL
Country
Your Account Isn't Verified!
In order to create a playlist on Sporcle, you need to verify the email address you used during registration. Go to your
Sporcle Settings
to finish the process.
Report this User
Report this user for behavior that violates our
Community Guidelines
.
Details:
Send Report
Go to the Sporcle.com Mobile Site →
Comments